Gaming Quiz

Random Gaming or Mario Quiz

Video Game Siblings Quiz Stats

Quiz Updated Jan 19, 2012

Challenge
Share
Tweet
Embed
Score 0/27 Timer 06:00
1 Play Today
Character Sibling % Correct
MarioLuigi
99.6%
Chris RedfieldClaire Redfield
24.7%
Tommy NookTimmy Nook
15.6%
Crash BandicootCoco Bandicoot
15.5%
DanteVergil
14.8%
KatAna
13.5%
Cassandra AlexandraSophitia Alexandra
13%
Anna WilliamsNina Williams
12.6%
Mia FeyMaya Fey
12.5%
LizaTate
12%
PalomPorom
11.8%
LinkAryll
10.7%
Jimmy LeeBilly Lee
9.3%
LucasClaus
9.2%
Character Sibling % Correct
RhymeBeat
8.8%
YunYang
7.2%
EirikaEphraim
6.9%
Genis SageRaine Sage
6.8%
JennaFelix
6.3%
Carl 'CJ' JohnsonSean 'Sweet' Johnson
6.3%
Magus ZealSchala Zeal
5.8%
Amir KhanAchmed Khan
4.8%
Terry BogardAndy Bogard
4.4%
The Hero of OakvaleTheresa
3.2%
JC DentonPaul Denton
3.2%
Jin UzukiShion Uzuki
2.5%
Isabela KeyesCarlito Keyes
2.3%

You're not logged in!

Compare scores with friends on all Sporcle quizzes.
Join for Free
OR
Log In

You Might Also Like...

Show Comments

Extras

Top Quizzes Today


Score Distribution

Your Account Isn't Verified!

In order to create a playlist on Sporcle, you need to verify the email address you used during registration. Go to your Sporcle Settings to finish the process.

Report this User

Report this user for behavior that violates our Community Guidelines.

Details: